Statystyki dla Zgadnij loga#3

Kliknij tutaj aby rozwiązać quiz!

Ogólne statystyki

  • Ten quiz został rozwiązany 152 razy
  • Średni wynik to 13 z 16

Statystyki odpowiedzi

Odpowiedź% Poprawnych
Messenger
98%
Nike
98%
Sprite
98%
BMW
96%
Coca-Cola
96%
Lipton
96%
Ikea
95%
Legia Warszawa
95%
Skype
93%
Discord
89%
Firefox
88%
Motorola
84%
Mazda
83%
Algida
70%
Rolex
60%
Stalówka
3%

Rozkład punktacji

Percentyl według liczby udzielonych odpowiedzi

Procent ludzi z każdym wynikiem

Twoja historia wyników

Nie rozwiązałeś tego quizu